<?xml version="1.0" encoding="UTF-8"?>
<record
    xmlns:xsi="http://www.w3.org/2001/XMLSchema-instance"
    xsi:schemaLocation="http://www.loc.gov/MARC21/slim http://www.loc.gov/standards/marcxml/schema/MARC21slim.xsd"
    xmlns="http://www.loc.gov/MARC21/slim">

  <leader>01929nam0a2200385   4500</leader>
  <controlfield tag="001">RU\NLR\BIBL_A\011712339</controlfield>
  <controlfield tag="005">20180620153840.0</controlfield>
  <datafield tag="010" ind1=" " ind2=" ">
    <subfield code="a">978-5-94691-992-0</subfield>
    <subfield code="9">500</subfield>
  </datafield>
  <datafield tag="021" ind1=" " ind2=" ">
    <subfield code="a">RU</subfield>
    <subfield code="b">&#x41A;&#x41D;-&#x41F;-18-030554</subfield>
    <subfield code="9">&#x41A;&#x41D;-&#x41F;-18-2226</subfield>
  </datafield>
  <datafield tag="035" ind1=" " ind2=" ">
    <subfield code="a">(NLR Aleph) 011712339</subfield>
  </datafield>
  <datafield tag="035" ind1=" " ind2=" ">
    <subfield code="a">(RuMoRGB)009614824</subfield>
  </datafield>
  <datafield tag="090" ind1=" " ind2=" ">
    <subfield code="a">11439979</subfield>
    <subfield code="c">11439979</subfield>
  </datafield>
  <datafield tag="100" ind1=" " ind2=" ">
    <subfield code="a">20180524d2018    k  y0rusy50      ca</subfield>
  </datafield>
  <datafield tag="101" ind1="0" ind2=" ">
    <subfield code="a">rus</subfield>
  </datafield>
  <datafield tag="102" ind1=" " ind2=" ">
    <subfield code="a">RU</subfield>
  </datafield>
  <datafield tag="105" ind1=" " ind2=" ">
    <subfield code="a">a   z   000zy</subfield>
  </datafield>
  <datafield tag="200" ind1="1" ind2=" ">
    <subfield code="a">&#x42D;&#x43C;&#x435;&#x440;&#x434;&#x436;&#x435;&#x43D;&#x442;&#x43D;&#x43E;&#x441;&#x442;&#x44C; &#x441;&#x43B;&#x43E;&#x436;&#x43D;&#x44B;&#x445; &#x43E;&#x442;&#x440;&#x430;&#x441;&#x43B;&#x435;&#x432;&#x44B;&#x445; &#x441;&#x438;&#x441;&#x442;&#x435;&#x43C;</subfield>
    <subfield code="e">[&#x43C;&#x43E;&#x43D;&#x43E;&#x433;&#x440;&#x430;&#x444;&#x438;&#x44F;]</subfield>
    <subfield code="f">&#x41F;. &#x410;. &#x41A;&#x43E;&#x445;&#x43D;&#x43E;, &#x410;. &#x41F;. &#x41A;&#x43E;&#x445;&#x43D;&#x43E;, &#x415;. &#x421;. &#x422;&#x430;&#x440;&#x430;&#x441;&#x435;&#x432;&#x438;&#x447;</subfield>
  </datafield>
  <datafield tag="210" ind1=" " ind2=" ">
    <subfield code="a">&#x41C;&#x43E;&#x441;&#x43A;&#x432;&#x430;</subfield>
    <subfield code="c">&#x413;&#x440;&#x430;&#x43D;&#x438;&#x446;&#x430;</subfield>
    <subfield code="d">2018</subfield>
  </datafield>
  <datafield tag="215" ind1=" " ind2=" ">
    <subfield code="a">379, [2] &#x441;.</subfield>
    <subfield code="c">&#x438;&#x43B;., &#x442;&#x430;&#x431;&#x43B;.</subfield>
    <subfield code="d">21</subfield>
  </datafield>
  <datafield tag="225" ind1="1" ind2=" ">
    <subfield code="a">&#x410;&#x432;&#x442;&#x43E;&#x440;&#x441;&#x43A;&#x438;&#x439; &#x43F;&#x440;&#x43E;&#x435;&#x43A;&#x442; "&#x41A;&#x43E;&#x43D;&#x43A;&#x443;&#x440;&#x435;&#x43D;&#x442;&#x43D;&#x430;&#x44F; &#x43A;&#x43E;&#x440;&#x43F;&#x43E;&#x440;&#x430;&#x442;&#x438;&#x432;&#x43D;&#x430;&#x44F; &#x44D;&#x43A;&#x43E;&#x43D;&#x43E;&#x43C;&#x438;&#x43A;&#x430; &#x420;&#x43E;&#x441;&#x441;&#x438;&#x438;"</subfield>
  </datafield>
  <datafield tag="300" ind1=" " ind2=" ">
    <subfield code="a">&#x412; &#x432;&#x44B;&#x43F;. &#x434;&#x430;&#x43D;. 1-&#x439; &#x438; 2-&#x439; &#x430;&#x432;&#x442;.: &#x41A;&#x43E;&#x445;&#x43D;&#x43E; &#x41F;. &#x410;., &#x434;.&#x44D;.&#x43D;., &#x43F;&#x440;&#x43E;&#x444;., &#x41A;&#x43E;&#x445;&#x43D;&#x43E; &#x410;. &#x41F;., &#x43A;.&#x44D;.&#x43D;.</subfield>
  </datafield>
  <datafield tag="320" ind1=" " ind2=" ">
    <subfield code="a">&#x411;&#x438;&#x431;&#x43B;&#x438;&#x43E;&#x433;&#x440;.: &#x441;. 368-379 (114 &#x43D;&#x430;&#x437;&#x432;.) &#x438; &#x432; &#x43F;&#x43E;&#x434;&#x441;&#x442;&#x440;&#x43E;&#x447;. &#x43F;&#x440;&#x438;&#x43C;&#x435;&#x447;.</subfield>
  </datafield>
  <datafield tag="606" ind1="1" ind2=" ">
    <subfield code="a">&#x41D;&#x435;&#x444;&#x442;&#x435;&#x433;&#x430;&#x437;&#x43E;&#x432;&#x430;&#x44F; &#x43F;&#x440;&#x43E;&#x43C;&#x44B;&#x448;&#x43B;&#x435;&#x43D;&#x43D;&#x43E;&#x441;&#x442;&#x44C;</subfield>
    <subfield code="x">&#x41F;&#x440;&#x435;&#x434;&#x43F;&#x440;&#x438;&#x44F;&#x442;&#x438;&#x44F;</subfield>
    <subfield code="x">&#x423;&#x43F;&#x440;&#x430;&#x432;&#x43B;&#x435;&#x43D;&#x438;&#x435;</subfield>
    <subfield code="2">nlr_sh1</subfield>
    <subfield code="2">nlr_sh2</subfield>
    <subfield code="3">RU\NLR\AUTH\661372156</subfield>
  </datafield>
  <datafield tag="606" ind1="1" ind2=" ">
    <subfield code="a">&#x41D;&#x435;&#x444;&#x442;&#x435;&#x433;&#x430;&#x437;&#x43E;&#x432;&#x430;&#x44F; &#x43F;&#x440;&#x43E;&#x43C;&#x44B;&#x448;&#x43B;&#x435;&#x43D;&#x43D;&#x43E;&#x441;&#x442;&#x44C;</subfield>
    <subfield code="x">&#x42D;&#x43A;&#x43E;&#x43D;&#x43E;&#x43C;&#x438;&#x447;&#x435;&#x441;&#x43A;&#x430;&#x44F; &#x44D;&#x444;&#x444;&#x435;&#x43A;&#x442;&#x438;&#x432;&#x43D;&#x43E;&#x441;&#x442;&#x44C;</subfield>
    <subfield code="2">nlr_sh2</subfield>
    <subfield code="3">RU\NLR\AUTH\661539324</subfield>
  </datafield>
  <datafield tag="686" ind1=" " ind2=" ">
    <subfield code="a">&#x423;9(2)305.652.0-139-07,0</subfield>
    <subfield code="2">rubbk</subfield>
  </datafield>
  <datafield tag="686" ind1="1" ind2=" ">
    <subfield code="a">&#x423;30(2)565.252-21</subfield>
  </datafield>
  <datafield tag="686" ind1="1" ind2=" ">
    <subfield code="a">&#x423;30(2)565.2-07</subfield>
  </datafield>
  <datafield tag="700" ind1=" " ind2="1">
    <subfield code="a">&#x41A;&#x43E;&#x445;&#x43D;&#x43E;</subfield>
    <subfield code="b">&#x41F;. &#x410;.</subfield>
    <subfield code="c">&#x434;-&#x440; &#x44D;&#x43A;&#x43E;&#x43D;. &#x43D;&#x430;&#x443;&#x43A;</subfield>
    <subfield code="f">1952-</subfield>
    <subfield code="g">&#x41F;&#x430;&#x432;&#x435;&#x43B; &#x410;&#x43D;&#x442;&#x43E;&#x43D;&#x43E;&#x432;&#x438;&#x447;</subfield>
    <subfield code="3">RU\NLR\AUTH\770189434</subfield>
  </datafield>
  <datafield tag="701" ind1=" " ind2="1">
    <subfield code="a">&#x41A;&#x43E;&#x445;&#x43D;&#x43E;</subfield>
    <subfield code="b">&#x410;. &#x41F;.</subfield>
    <subfield code="g">&#x410;&#x43B;&#x438;&#x43D;&#x430; &#x41F;&#x430;&#x432;&#x43B;&#x43E;&#x432;&#x43D;&#x430;</subfield>
  </datafield>
  <datafield tag="701" ind1=" " ind2="1">
    <subfield code="a">&#x422;&#x430;&#x440;&#x430;&#x441;&#x435;&#x432;&#x438;&#x447;</subfield>
    <subfield code="b">&#x415;. &#x421;.</subfield>
    <subfield code="g">&#x415;&#x43B;&#x435;&#x43D;&#x430; &#x421;&#x435;&#x440;&#x433;&#x435;&#x435;&#x432;&#x43D;&#x430;</subfield>
  </datafield>
  <datafield tag="942" ind1=" " ind2=" ">
    <subfield code="c">BOOK</subfield>
  </datafield>
  <datafield tag="980" ind1=" " ind2=" ">
    <subfield code="a">NBR</subfield>
  </datafield>
  <datafield tag="980" ind1=" " ind2=" ">
    <subfield code="a">NB</subfield>
  </datafield>
</record>
